000 00309nam a22001337a 4500
020 _a9780406056702
082 _a341.2422
_bEDW
100 _aEDWARD DAVID O
245 _aEUROPEAN COMMUNITY LAW
_bAN INTRODUCTION
250 _a2
260 _aSCOTLAND
_bBUTTERWORTH
_c1995
300 _a166
942 _2ddc
_cBK
999 _c25531
_d25531